=LDR 00000nam 2200000 4500 =001 INLIS000000000005156 =005 20130612093420 =008 ***********************************Ind** =035 ##$$0010-061300000005156 =041 ##$$a Ind =082 ##$$a 658.456 3 =090 ##$$a 658.456 3, Dib d =245 ##$$a Dibalik pintu tertutup, Tuntunan perencanaan dan penyelenggaraan rapat yang berhasil =260 ##$$a 1998 $b Semarang =300 ##$$a 148 hlm., 21 cm =650 ##$$a Manajemen perencanaan =850 ##$$a NBPNMAT